000 00516nam a2200169Ia 4500
003 IN-BaIIA
008 211028s9999 xx 000 0 eng d
040 _cIIA Library
080 _a551.51
_bROZ
100 _aRozenberg, G. V.
_95552
245 0 _aTwilight
_ba study in atmospheric optics
_cRozenberg G. V.
260 _aNew York
_bPlenum Press
_c1966
300 _aix, 358p.
650 _aAstronomy and Astrophysics Thesaurus
650 _aAtmosphere
_9458
942 _cBK
999 _c3124
_d3124